MARC details
| 000 -LEADER |
| fixed length control field |
01015nam a22002777a 4500 |
| 003 - CONTROL NUMBER IDENTIFIER |
| control field |
OSt |
| 005 - DATE AND TIME OF LATEST TRANSACTION |
| control field |
20250918040725.0 |
| 008 - FIXED-LENGTH DATA ELEMENTS--GENERAL INFORMATION |
| fixed length control field |
250918t2006 |||||||| |||| 00| | eng d |
| 020 ## - INTERNATIONAL STANDARD BOOK NUMBER |
| International Standard Book Number |
1-58180-696-5 |
| 040 ## - CATALOGING SOURCE |
| Transcribing agency |
JMCFI - Learning Resource Center |
| 082 ## - DEWEY DECIMAL CLASSIFICATION NUMBER |
| Classification number |
IBED/HSCir. 731.46 P132 2006 |
| 100 ## - MAIN ENTRY--PERSONAL NAME |
| Personal name |
Page, Gloria |
| 9 (RLIN) |
42649 |
| 245 ## - TITLE STATEMENT |
| Title |
Art stamping workshop : |
| Remainder of title |
create hand-carved stamps for unique projects on paper, fabric, polymer clay and more / |
| Statement of responsibility, etc. |
Gloria Page. |
| 260 ## - PUBLICATION, DISTRIBUTION, ETC. |
| Place of publication, distribution, etc. |
Cincinnati, Ohio : |
| Name of publisher, distributor, etc. |
North Light Books, |
| Date of publication, distribution, etc. |
2006. |
| 300 ## - PHYSICAL DESCRIPTION |
| Extent |
127 pages : |
| Other physical details |
colored, illus. ; |
| Dimensions |
27 cm |
| 500 ## - GENERAL NOTE |
| General note |
Includes indexes and biographical records. |
| 504 ## - BIBLIOGRAPHY, ETC. NOTE |
| Bibliography, etc. note |
Includes bibliographical references. |
| 650 ## - SUBJECT ADDED ENTRY--TOPICAL TERM |
| Topical term or geographic name entry element |
Stamping (Decorative arts). |
| 9 (RLIN) |
42650 |
| 650 ## - SUBJECT ADDED ENTRY--TOPICAL TERM |
| Topical term or geographic name entry element |
Handicraft. |
| 9 (RLIN) |
22107 |
| 650 ## - SUBJECT ADDED ENTRY--TOPICAL TERM |
| Topical term or geographic name entry element |
Printmakers |
| General subdivision |
Technique. |
| 9 (RLIN) |
42651 |
| 650 ## - SUBJECT ADDED ENTRY--TOPICAL TERM |
| Topical term or geographic name entry element |
Decoration and ornaments. |
| 9 (RLIN) |
42652 |
| 650 ## - SUBJECT ADDED ENTRY--TOPICAL TERM |
| Topical term or geographic name entry element |
Paper crafts. |
| 9 (RLIN) |
23266 |
| 650 ## - SUBJECT ADDED ENTRY--TOPICAL TERM |
| Topical term or geographic name entry element |
Textile printing. |
| 9 (RLIN) |
42653 |
| 650 ## - SUBJECT ADDED ENTRY--TOPICAL TERM |
| Topical term or geographic name entry element |
Polymer clay crafts. |
| 9 (RLIN) |
42654 |
| 942 ## - ADDED ENTRY ELEMENTS (KOHA) |
| Source of classification or shelving scheme |
Dewey Decimal Classification |
| Koha item type |
Books |
| Suppress in OPAC |
No |